Lyrics - NIGHTS LIKE THIS - The Kid LAROI - Statistics

General Stats
  • This quiz has been taken 45 times
  • The average score is 85 of 135
Answer Stats
Hint Answer % Correct
like
97%
like,
97%
nights
94%
this
94%
this,
94%
I
91%
my
81%
when
78%
you?
78%
you,
78%
you
78%
it
75%
it?
75%
need
75%
to
75%
your
75%
the
72%
me
69%
so
69%
it's
66%
love
66%
all
63%
and
63%
for
59%
got
59%
verse hold
59%
that
59%
hand
56%
we
56%
on
53%
ashes
50%
can
50%
in
50%
these
50%
feelings
47%
I'm
47%
turn
47%
forget
44%
house
44%
put
44%
'til
44%
until
44%
casket
41%
could
41%
soul
41%
they
41%
askin'
38%
come
38%
if
38%
just
38%
over,
38%
that's
38%
what
38%
how'd
34%
maskin'
34%
ooh,
34%
ooh
34%
parents
34%
show
34%
someone
34%
would
34%
kissing
31%
lay
31%
myself
31%
else
28%
nothin'
28%
red
25%
that'll
25%
think
25%
wine
25%
heal
22%
rented,
22%
about
19%
No matching quizzes found
Score Distribution
Percent of People with Each Score
Percentile by Number Answered
Your Score History
You have not taken this quiz